|
|
|
|
| LEADER |
00000nab a2200000uu 4500 |
| 001 |
vtls011510947 |
| 003 |
SK-MaSNL |
| 005 |
20260303181137.0 |
| 008 |
230704|1964 xo |||||||||||||||||slo| |
| 015 |
|
|
|a SNBRB
|
| 035 |
|
|
|a (urnnbn)urn:nbn:sk:snk:ar-0014vz
|
| 035 |
|
|
|a (uuid)b8e95bf0-f766-4372-9c58-86c2690b9265
|
| 035 |
|
|
|a urn:nbn:sk:snk-abe1o5
|
| 040 |
|
|
|a SNKBUCL
|b slo
|c SNKBUCL
|e AACR2
|
| 041 |
1 |
|
|a slo
|h eng
|
| 044 |
|
|
|a xo
|c SK
|
| 100 |
1 |
|
|a Auden, W. H.
|q (Wystan Hugh),
|d 1907-1973
|4 aut
|9 223604
|
| 245 |
1 |
0 |
|a O čosi skúsenejší
|c Wystan Hugh Auden ; preložili Ján Buzássy, Zuzana Bothová
|
| 655 |
|
7 |
|a anglická poézia
|2 SNKPH
|9 70712
|
| 700 |
1 |
|
|a Buzássy, Ján,
|d 1935-
|4 trl
|9 109313
|
| 700 |
1 |
|
|a Bothová-Hegedüsová, Zuzana
|4 trl
|9 223554
|
| 773 |
0 |
|
|t Slovenské pohľady
|g Roč. 80, č. 4 (1964), s. 83
|
| 850 |
|
|
|a Slovenská národná knižnica
|
| 852 |
|
|
|a Slovenská národná knižnica
|
| 954 |
|
|
|a beletria cudzojazyčná (svetová)
|2 lita
|
| 958 |
|
|
|a OND
|
| 958 |
|
|
|a EUIPO
|
| 958 |
|
|
|a article21
|
| 999 |
|
|
|c 2109451
|d 2111381
|